Príčiny úpadku britského vplyvu na Blízkom východe po II. svetovej vojne bakalárska práca

Enregistré dans:
Détails bibliographiques
Auteur principal: Iskierka, Lukáš
Collectivité auteur: Fakulta medzinárodných vzťahov EU. Katedra medzinárodných politických vzťahov
Autres auteurs: Sorby, Karol R.
Format: Livre
Langue:slovaque
Publié: Bratislava 2011
Tags: Ajouter un tag
Pas de tags, Soyez le premier à ajouter un tag!

MARC

LEADER 00000nbm a2200000 4500
001 0131113
005 20161109111409.3
041 0 |a slo 
044 |a SK 
245 1 0 |a Príčiny úpadku britského vplyvu na Blízkom východe po II. svetovej vojne  |b bakalárska práca  |c Lukáš Iskierka ; školiteľ: Karol Sorby 
264 1 |a Bratislava  |c 2011 
300 |a 40 s. 
100 1 |a Iskierka, Lukáš 
700 1 |a Sorby, Karol R. 
710 2 |a Fakulta medzinárodných vzťahov EU. Katedra medzinárodných politických vzťahov